Bilančné podvody v spoločnosti Enron diplomová práca

Na minha lista:
Detalhes bibliográficos
Autor principal: Bošková, Terézia
Autor Corporativo: Fakulta hospodárskej informatiky EU. Katedra účtovníctva a audítorstva
Outros Autores: Tumpach, Miloš, 1970-
Formato: Livro
Idioma:eslovaco
Publicado em: Bratislava 2018
Tags: Adicionar Tag
Sem tags, seja o primeiro a adicionar uma tag!

MARC

LEADER 00000nbm a2200000 4500
001 0243613
005 20181108090954.0
041 0 |a slo 
044 |a SK 
245 1 0 |a Bilančné podvody v spoločnosti Enron  |b diplomová práca  |c Terézia Bošková ; školiteľ: Miloš Tumpach 
264 1 |a Bratislava  |c 2018 
300 |a 69 s. 
100 1 |a Bošková, Terézia 
700 1 |a Tumpach, Miloš, 1970- 
710 2 |a Fakulta hospodárskej informatiky EU. Katedra účtovníctva a audítorstva